| 000 | 01908nam0a22003611 4500 | ||
|---|---|---|---|
| 001 | v19\rc\1300722 | ||
| 005 | 20060306190347.9 | ||
| 035 | _a(NLR Aleph) 004446272 | ||
| 090 |
_a4448530 _c4448530 |
||
| 100 | _a20060306d1873 |||y0rusy50 ca | ||
| 101 | 1 |
_arus _cger |
|
| 102 | _aRU | ||
| 105 | _ay z ||||| | ||
| 200 | 1 |
_aТемы _e[Пер. с нем. Вып. 1-2] _f[Соч.] Dr. Тишера |
|
| 205 | _a3-е изд. Вып. 1 | ||
| 210 |
_aМосква _cВ. Басов _d1873 |
||
| 215 |
_a2 т. _d21 |
||
| 225 | 1 |
_aЛатинская грамматика доктора Мадвига, сокращенное для гимназий Dr. Г. Тишером _fПер. с нем. В. Басова _fИзд. бр. Салаевых |
|
| 300 | _aСо 2-го вып. 1-го изд. в подзаг.: Пер. с нем. В. Басова; изд. бр. Салаевых | ||
| 309 | _aВ 1 вып. 1-го изд. частный тит. л. отсутствует. Описано по обл.; 2 тит. л. воспроизводит тит. л. Латинской грамматики д-ра Мадвига | ||
| 327 | 1 | _aСодерж.: Вып. 1. Первый курс. Упражнения в синтаксисе простого предложения. Вып. 2. Упражнения в синтаксисе сложного предложения | |
| 464 | 0 | _12001#$aУпражнения в синтаксисе простого предложения | |
| 700 | 1 |
_aТишер _bГ. _f1812-1862 _gГустав |
|
| 702 | 1 |
_aБасов _bВ. П. _fок. 1840-1887 _gВасилий Петрович _4730 |
|
| 702 | 1 |
_aМадвиг _bЙ. Н. _f1804-1886 _gЙохан Николай _4570 |
|
| 801 | 0 |
_aRU _bNLR _gpsbo |
|
| 801 | 0 |
_aRU _bRuMoRGB _2psbo |
|
| 801 | 1 |
_aRU _bProSoft-M _2rusmarc |
|
| 852 |
_aNLR _j18.127.6.32 |
||
| 899 |
_aRuMoRGB _jG 45/112а |
||
| 899 | _aБАН | ||
| 942 | _cBOOK | ||
| 980 | _aNB | ||